Hidden Neighbors of Massachusetts Quiz Stats

 Plays Quiz Updated Mar 15, 2018

Challenge
Share
Tweet
Score 0/5 Timer 02:00
24 Plays Today
% Correct
Connecticut
93.4%
New Hampshire
92.6%
Rhode
Island
90%
New
York
89.8%
Vermont
89.8%

You're not logged in!

Compare scores with friends on all Sporcle quizzes.
OR
Log In

You Might Also Like...

Show Comments

Extras

Top Quizzes Today


Score Distribution

Your Account Isn't Verified!

In order to create a playlist on Sporcle, you need to verify the email address you used during registration. Go to your Sporcle Settings to finish the process.

Report this User

Report this user for behavior that violates our Community Guidelines.

Details: